| 000 | 00404nam a2200133 4500 | ||
|---|---|---|---|
| 082 | _aMS-CSE-2 SYE | ||
| 100 | _aSyed Tariq Ali Shams | ||
| 245 | _aA Link stability based routing metric AQDV | ||
| 260 |
_aIslamabad _bNust School of Electrical Engineering and Computer Science |
||
| 300 |
_a68 P _eCD-ROM |
||
| 500 | _aSupervisor; Dr.Adnan Khalid Kiani | ||
| 700 | _aSyed Tariq Ali Shams | ||
| 942 | _cPR | ||
| 999 |
_c12251 _d12251 |
||